Prinsip 2 : Kesetiaan kepada raja dan negara : (Record no. 134621)

MARC details
000 -LEADER
fixed length control field 00812nam a2200241 i 4500
001 - CONTROL NUMBER
control field C2-0336901
003 - CONTROL NUMBER IDENTIFIER
control field PPAK
005 - DATE AND TIME OF LATEST TRANSACTION
control field 20180728135752.0
008 - FIXED-LENGTH DATA ELEMENTS--GENERAL INFORMATION
fixed length control field 160714s2014 my a|||| ||||| | may d
020 ## - INTERNATIONAL STANDARD BOOK NUMBER
International Standard Book Number 9789670135489
040 ## - CATALOGING SOURCE
Original cataloging agency PPAK
Language of cataloging eng
Transcribing agency PPAK
Description conventions rda
082 04 - DEWEY DECIMAL CLASSIFICATION NUMBER
Classification number 499.2386
Edition number 23
090 00 - LOCALLY ASSIGNED LC-TYPE CALL NUMBER (OCLC); LOCAL CALL NUMBER (RLIN)
Classification number (OCLC) (R) ; Classification number, CALL (RLIN) (NR) 499.2386
Feature heading HAI
Feature heading K
100 0# - MAIN ENTRY--PERSONAL NAME
Personal name Hairudin Muhamed,
Dates associated with a name 1971-
Relator term author
245 10 - TITLE STATEMENT
Title Prinsip 2 : Kesetiaan kepada raja dan negara :
Remainder of title salam merdeka dari atuk
264 #1 - PRODUCTION, PUBLICATION, DISTRIBUTION, MANUFACTURE, AND COPYRIGHT NOTICE
Place of production, publication, distribution, manufacture Bandar Baru Nilai, Negeri Sembilan :
Name of producer, publisher, distributor, manufacturer Flying Colours Publications ,
Date of production, publication, distribution, manufacture, or copyright notice 2014
300 ## - PHYSICAL DESCRIPTION
Extent 28 pages :
Other physical details colour illustrations ;
Dimensions 30 cm
336 ## - CONTENT TYPE
Source rdacontent
Content type term text
337 ## - MEDIA TYPE
Source rdamedia
Media type term unmediated
338 ## - CARRIER TYPE
Source rdacarrier
Carrier type term volume
650 10 - SUBJECT ADDED ENTRY--TOPICAL TERM
Topical term or geographic name entry element Malay language - Readers. ; Civics, Malaysian - Juvenile literature.
942 ## - ADDED ENTRY ELEMENTS (KOHA)
-- dc
Koha item type Book
Holdings
Withdrawn Not for loan Current library Shelving location Date acquired Full call number Barcode Date last seen Koha item type Total Checkouts Date last checked out
    Perpustakaan Alor Setar Pinjaman Kanak-kanak 14/07/2016 K 499.2386 HAI A01475824 09/05/2018 Book    
    Perpustakaan Awam Sungai Petani Pinjaman Kanak-kanak 14/07/2016 K 499.2386 HAI A01475825 21/06/2023 Book 1 30/05/2023
    Perpustakaan Baling Pinjaman Kanak-kanak 14/07/2016 K 499.2386 HAI A01475828 15/06/2020 Book 1 23/02/2020
    Perpustakaan Jitra Pinjaman Kanak-kanak 14/07/2016 K 499.2386 HAI A01475826 09/05/2018 Book    
    Perpustakaan Kulim Pinjaman Kanak-kanak 14/07/2016 K 499.2386 HAI A01475827 12/08/2023 Book 1 22/07/2023